| 000 | 00447cam a2200169ua 4500 | ||
|---|---|---|---|
| 020 |
_a0-340-1837-48 _cE 2.00 |
||
| 041 |
_aeng _h |
||
| 082 |
_a621.9023 _bMAR/NU |
||
| 100 | _aMartin, S.J . | ||
| 245 |
_aNumerical control of machine tools / _cS.J Martin. _hTextual Documents |
||
| 260 |
_aLondon : _bEnglish Language Book Society , _c1983. |
||
| 300 | _a302 ; . | ||
| 365 | _aE 2.00 | ||
| 504 | _a | ||
| 942 | _cBK | ||
| 999 |
_c7598 _d7598 |
||